Least Stable Countries Quiz - Statistics

General Stats
  • This quiz has been taken 2,093 times
    1,422 since last reset
  • The average score is 21 of 30
Answer Stats
Score Country % Correct
110.7 Syria
88%
96.2 Iraq
87%
102.1 Afghanistan
86%
110.9 Somalia
86%
108.4 Democratic Republic of the Congo
85%
109.4 South Sudan
84%
105.2 Sudan
84%
96.0 Niger
83%
111.7 Yemen
80%
92.4 Republic of the Congo
79%
105.8 Chad
78%
97.0 Libya
78%
96.6 Mali
77%
90.0 North Korea
76%
99.0 Ethiopia
75%
98.0 Nigeria
75%
107.0 Central African Republic
73%
97.0 Eritrea
73%
90.5 Pakistan
71%
92.6 Venezuela
69%
99.1 Zimbabwe
62%
92.9 Uganda
61%
97.1 Burundi
60%
97.4 Guinea
59%
93.9 Mozambique
59%
93.8 Myanmar
58%
97.2 Cameroon
57%
92.0 Guinea-Bissau
51%
97.5 Haiti
51%
90.7 Cote d'Ivoire
42%
No matching quizzes found
Score Distribution
Percent of People with Each Score
Percentile by Number Answered
Your Score History
You have not taken this quiz since the last reset